[Event "European Rapid 2022"]
[Site "Katowice POL"]
[Date "2022.12.17"]
[Round "1.82"]
[White "Diermair, Andreas"]
[Black "Gorny, Tomasz"]
[Result "1-0"]
[WhiteTitle "GM"]
[WhiteElo "2446"]
[BlackElo "1767"]
[WhiteFideId "1612468"]
[BlackFideId "21086427"]
[EventDate "2022.12.17"]

1. Nf3 Nf6 2. c4 c5 3. Nc3 Nc6 4. g3 e6 5. Bg2 d5 6. cxd5 exd5 7. d4 Be6 8. O-O
Be7 9. dxc5 Bxc5 10. a3 O-O 11. b4 Bd6 12. Nb5 Be7 13. Nbd4 Ne4 14. Bb2 Bf6 15.
Rc1 Qb6 16. e3 a5 17. b5 Nxd4 18. Nxd4 Rac8 19. Qe2 Qd6 20. Nxe6 fxe6 21. Rxc8
Rxc8 22. Bxe4 dxe4 23. Bxf6 gxf6 24. Qg4+ Kh8 25. Qxe4 Qd5 26. Qxd5 exd5 27. Rd1
Rc5 28. a4 f5 29. Kg2 Kg7 30. Rd4 Kf6 31. Kf3 Ke5 32. h3 Rc7 33. g4 Rf7 34. Kg3
fxg4 35. hxg4 Rc7 36. f4+ Ke6 37. Kf3 Rc3 38. g5 Ra3 39. Rd1 Rxa4 40. Rh1 Ra3
41. Rh6+ Kd7 42. Rxh7+ Kd6 43. g6 d4 44. g7 Rxe3+ 1-0

[Event "European Rapid 2022"]
[Site "Katowice POL"]
[Date "2022.12.17"]
[Round "1.83"]
[White "Matskevich, Varvara"]
[Black "Alexakis, Dimitris"]
[Result "0-1"]
[BlackTitle "IM"]
[WhiteElo "1571"]
[BlackElo "2486"]
[WhiteFideId "13523465"]
[BlackFideId "4277023"]
[EventDate "2022.12.17"]

1. e4 c5 2. c3 d5 3. exd5 Qxd5 4. d4 Nf6 5. Nf3 Bf5 6. Nbd2 Nc6 7. Bc4 Qd7 8.
Nb3 cxd4 9. Nbxd4 Be4 10. Qe2 Bd5 11. Nxc6 bxc6 12. O-O e6 13. Bf4 Bd6 14. Bxd6
Qxd6 15. Qe5 Ke7 16. Rad1 Rad8 17. Qe3 Rhe8 18. Bxd5 cxd5 19. Qxa7+ Kf8 20. Qe3
Ra8 21. a3 Reb8 22. Rd2 Ra4 23. Nd4 Ra6 24. f3 Rab6 25. Rff2 g6 26. c4 Kg8 27.
b4 dxc4 28. Qg5 Nd5 29. Ne2 Qc7 30. Ng3 c3 31. Rc2 Ra8 32. Ne4 Rxa3 33. g3 Rxb4
34. Kg2 Kg7 35. Qc1 Rab3 36. Kh3 Qe5 37. Rfe2 Qf5+ 38. Kg2 Rb1 39. Qa3 R4b3 40.
Qc5 R1b2 41. Qd4+ Kg8 42. Rxb2 cxb2 43. Rxb2 Qxf3+ 44. Kg1 Rxb2 45. Qxb2 Qxe4 0-1

[Event "European Rapid 2022"]
[Site "Katowice POL"]
[Date "2022.12.17"]
[Round "1.84"]
[White "Grinev, Valeriy"]
[Black "Seemann, Pola"]
[Result "1-0"]
[WhiteTitle "IM"]
[WhiteElo "2425"]
[BlackElo "1676"]
[WhiteFideId "14117517"]
[BlackFideId "21858837"]
[EventDate "2022.12.17"]

1. d4 d5 2. c4 e6 3. Nf3 Nf6 4. g3 dxc4 5. Qa4+ c6 6. Qxc4 Be7 7. Bg2 O-O 8. O-O
Nbd7 9. Rd1 Qc7 10. Bf4 Bd6 11. Bxd6 Qxd6 12. Nc3 Nb6 13. Qd3 Nbd5 14. e4 Nb4
15. Qc4 Qe7 16. a3 Na6 17. b4 Nc7 18. Ne5 Nd7 19. f4 Nxe5 20. dxe5 Bd7 21. Rd6
Rfd8 22. Rad1 Ne8 23. R6d2 Rac8 24. Qc5 Qxc5+ 25. bxc5 Rc7 26. Na4 Kf8 27. Nb6
Ke7 28. Nc4 f6 29. exf6+ Nxf6 30. Bf3 Rf8 31. a4 Be8 32. Ne5 Nd7 33. Nxd7 Rxd7
34. Rd6 e5 35. Bg4 Rxd6 36. cxd6+ Kd8 37. fxe5 Bg6 38. e6 1-0

[Event "European Rapid 2022"]
[Site "Katowice POL"]
[Date "2022.12.17"]
[Round "1.85"]
[White "Kapolkova, Greta"]
[Black "Uruci, Endrit"]
[Result "0-1"]
[BlackTitle "FM"]
[WhiteElo "1665"]
[BlackElo "2297"]
[WhiteFideId "14955555"]
[BlackFideId "22100199"]
[EventDate "2022.12.17"]

1. e4 c6 2. d4 d5 3. Nc3 dxe4 4. Nxe4 Nf6 5. Nxf6+ exf6 6. Nf3 Bd6 7. Bd3 O-O 8.
O-O Bg4 9. c3 Re8 10. Be2 Nd7 11. Be3 Nf8 12. Re1 Bc7 13. Nd2 Bf5 14. Bg4 Bg6
15. Nf1 f5 16. Bf3 f4 17. Bc1 Rxe1 18. Qxe1 Qd7 19. b3 Re8 20. Qd2 Ne6 21. g3
Ng5 22. Bg2 Nh3+ 23. Bxh3 Qxh3 24. gxf4 Be4 25. f3 Qxf3 26. Ng3 Bxf4 27. Qf2
Qxc3 28. Qxf4 Qxa1 29. Nxe4 Qxd4+ 30. Be3 Qxe4 0-1

[Event "European Rapid 2022"]
[Site "Katowice POL"]
[Date "2022.12.17"]
[Round "1.86"]
[White "Kozak, Antoni"]
[Black "Figa, Karolina"]
[Result "1-0"]
[WhiteElo "2422"]
[BlackElo "1661"]
[WhiteFideId "21832030"]
[BlackFideId "21040931"]
[EventDate "2022.12.17"]

1. d4 d5 2. c4 e6 3. Nc3 Nf6 4. Bg5 Be7 5. e3 h6 6. Bh4 O-O 7. Nf3 b6 8. cxd5
exd5 9. Bd3 Be6 10. O-O c5 11. Ne5 Nfd7 12. Bxe7 Qxe7 13. f4 Nxe5 14. dxe5 f5
15. Be2 Rd8 16. Bf3 Qf7 17. Qa4 Nd7 18. Rad1 Nf8 19. Rf2 Rd7 20. Rfd2 Rad8 21.
Nb5 g5 22. g3 Ng6 23. b4 Kh7 24. bxc5 bxc5 25. Qa3 d4 26. Qxc5 dxe3 27. Qxe3
gxf4 28. gxf4 Bxa2 29. Nd6 Qe6 30. Ra1 Rxd6 31. Raxa2 Rxd2 32. Rxd2 Rxd2 33.
Qxd2 Qb6+ 34. Kf1 Qb1+ 35. Kf2 Qb6+ 36. Kg3 Qg1+ 37. Bg2 Nf8 38. Qd3 Qe1+ 39.
Kf3 Kg6 40. Qd6+ Kh5 41. Qxf8 Qe4+ 42. Kf2 Qd4+ 43. Kg3 Qe3+ 44. Bf3+ Kg6 45.
Qg8# 1-0

[Event "European Rapid 2022"]
[Site "Katowice POL"]
[Date "2022.12.17"]
[Round "1.87"]
[White "Marszalek, Jakub"]
[Black "Langheinrich, Ferenc"]
[Result "0-1"]
[BlackTitle "IM"]
[WhiteElo "1331"]
[BlackElo "2381"]
[WhiteFideId "21825270"]
[BlackFideId "4641973"]
[EventDate "2022.12.17"]

1. e4 g6 2. d4 Bg7 3. c4 d6 4. Nc3 Nd7 5. Nf3 e5 6. dxe5 dxe5 7. Be2 Ngf6 8. O-O
O-O 9. h3 c6 10. Be3 Qe7 11. Qc2 Nh5 12. Nd2 Nf4 13. Bf3 Nc5 14. Bxc5 Qxc5 15.
a3 Be6 16. b4 Qe7 17. Ne2 Rad8 18. Rad1 a5 19. c5 axb4 20. axb4 Nd3 21. Rb1 Qg5
22. Nc4 Bxh3 23. Nd6 Nf4 24. Nxf4 exf4 25. Rfd1 Bxg2 26. Bxg2 f3 27. Kf1 Qxg2+
28. Ke1 Qg1+ 29. Kd2 Qxf2+ 30. Kc1 Qe3+ 31. Rd2 f2 32. Qd3 Qxd3 0-1

[Event "European Rapid 2022"]
[Site "Katowice POL"]
[Date "2022.12.17"]
[Round "1.88"]
[White "Haydon, David L"]
[Black "Krysztopa-Czuprynska, Barbara"]
[Result "1-0"]
[WhiteTitle "FM"]
[WhiteElo "2289"]
[BlackElo "1724"]
[WhiteFideId "415405"]
[BlackFideId "21034800"]
[EventDate "2022.12.17"]

1. Nf3 Nf6 2. b3 d5 3. Bb2 c6 4. e3 Bg4 5. h3 Bh5 6. c4 e6 7. Nc3 Nbd7 8. Be2
Bd6 9. cxd5 cxd5 10. Nb5 Be7 11. O-O a6 12. Nbd4 O-O 13. Ng5 Bxe2 14. Qxe2 h6
15. Ngxe6 fxe6 16. Nxe6 Qb6 17. Nxf8 Rxf8 18. Rac1 Ne4 19. Bxg7 Kxg7 20. Qg4+
Qg6 21. Qxd7 Rf7 22. Qxd5 Bh4 23. Qd4+ Bf6 24. Qd3 Bh4 25. f3 Ng3 26. Qxg6+ Kxg6
27. Rfe1 Nf5 28. Red1 Rd7 29. g4 Nd6 30. Kg2 Nf7 31. f4 Nd6 32. Kf3 Re7 33. d3
Bf6 34. e4 Nb5 35. e5 Bh4 36. d4 Kf7 37. d5 1-0

[Event "European Rapid 2022"]
[Site "Katowice POL"]
[Date "2022.12.17"]
[Round "1.89"]
[White "Modlich, Kacper"]
[Black "Petursson, Margeir"]
[Result "0-1"]
[BlackTitle "GM"]
[WhiteElo "1732"]
[BlackElo "2437"]
[WhiteFideId "1191586"]
[BlackFideId "2300028"]
[EventDate "2022.12.17"]

1. e4 c5 2. Nf3 Nc6 3. d4 cxd4 4. Nxd4 g6 5. c4 Nf6 6. Nc3 d6 7. Be3 Ng4 8. Nxc6
bxc6 9. Bg5 Qa5 10. Qd2 Bg7 11. h3 Rb8 12. Rc1 Nf6 13. Be2 Rxb2 14. Qxb2 Qxg5
15. Bf3 O-O 16. Qd2 Qxd2+ 17. Kxd2 Bh6+ 18. Kc2 Bxc1 19. Rxc1 Ba6 20. Rb1 Nd7
21. Be2 Nc5 22. a3 Kg7 23. Kd2 e5 24. Ke3 f5 25. exf5 gxf5 26. f4 Kf6 27. Bf3
exf4+ 28. Kxf4 Nd3+ 29. Ke3 Ne5 30. Kd4 c5+ 31. Kd5 Ke7 32. Be2 Bc8 0-1

[Event "European Rapid 2022"]
[Site "Katowice POL"]
[Date "2022.12.17"]
[Round "1.90"]
[White "Psyk, Radoslaw"]
[Black "Aleidzans, Vadims"]
[Result "1-0"]
[WhiteElo "2438"]
[BlackElo "1553"]
[WhiteFideId "1182838"]
[BlackFideId "11617608"]
[EventDate "2022.12.17"]

1. e4 e5 2. Nf3 Nc6 3. Nc3 Nf6 4. a4 a6 5. Bc4 Nxe4 6. Nxe4 d5 7. Bd3 dxe4 8.
Bxe4 Nd4 9. c3 Nxf3+ 10. Qxf3 c6 11. O-O Be7 12. Qg3 Bf6 13. d3 O-O 14. Be3 Qe7
15. b4 Re8 16. h3 Be6 17. Qf3 Qc7 18. Rab1 Rad8 19. c4 Be7 20. b5 g6 21. bxc6 b5
22. axb5 axb5 23. cxb5 f5 24. b6 fxe4 25. bxc7 exf3 26. cxd8=Q Rxd8 27. c7 1-0

[Event "European Rapid 2022"]
[Site "Katowice POL"]
[Date "2022.12.17"]
[Round "1.91"]
[White "Bugaj, Hanna"]
[Black "Gaponenko, Inna"]
[Result "0-1"]
[BlackTitle "IM"]
[WhiteElo "1707"]
[BlackElo "2341"]
[WhiteFideId "21829870"]
[BlackFideId "14101181"]
[EventDate "2022.12.17"]

1. d4 g6 2. c4 Bg7 3. Nf3 d6 4. Nc3 Nf6 5. e4 O-O 6. Be2 e5 7. dxe5 dxe5 8. Qxd8
Rxd8 9. Bg5 c6 10. O-O Na6 11. Rad1 Bg4 12. h3 Bxf3 13. Bxf3 Nc5 14. b4 Ne6 15.
Be3 Bf8 16. c5 Ne8 17. Be2 N8c7 18. Nb1 a5 19. a3 axb4 20. axb4 Nd4 21. Bxd4
Rxd4 22. Rxd4 exd4 23. Rd1 Ra4 24. Rxd4 Bxc5 25. Rc4 Rxb4 26. Rxb4 Bxb4 27. Kf1
Ne6 28. f3 Kf8 29. Kf2 Ke7 30. Ke3 g5 31. g3 Bd6 32. Kf2 Bc5+ 33. Ke1 Kd6 34.
Nd2 Bb4 35. Kd1 Bxd2 36. Kxd2 b5 37. Kc3 Ke5 38. Bd1 c5 39. Be2 Nd4 40. Bd1 h6
41. Kd3 f5 42. h4 fxe4+ 43. fxe4 c4+ 44. Ke3 Ne6 45. Be2 Nc5 46. hxg5 hxg5 47.
Bf3 b4 48. Be2 c3 0-1

[Event "European Rapid 2022"]
[Site "Katowice POL"]
[Date "2022.12.17"]
[Round "1.92"]
[White "Fus, Jakub"]
[Black "Bara, Jan"]
[Result "1-0"]
[WhiteTitle "FM"]
[WhiteElo "2405"]
[BlackElo "1672"]
[WhiteFideId "1193023"]
[BlackFideId "23716150"]
[EventDate "2022.12.17"]

1. Nf3 d5 2. e3 g6 3. c4 c6 4. Nc3 Bg7 5. d4 Nf6 6. Be2 O-O 7. O-O dxc4 8. Bxc4
b5 9. Bd3 a5 10. h3 Nbd7 11. e4 b4 12. Na4 Ba6 13. Bxa6 Rxa6 14. Qe2 Ra7 15. Bf4
Re8 16. Rac1 Nh5 17. Be3 Rc7 18. Rfd1 Qa8 19. e5 Bf8 20. Ng5 e6 21. Qf3 Re7 22.
Ne4 Kh8 23. g4 Ng7 24. Nd6 Kg8 25. Bg5 Nb8 26. Nc5 Qa7 27. Bxe7 Rxe7 28. Nce4
Ne8 29. Nxe8 1-0

[Event "European Rapid 2022"]
[Site "Katowice POL"]
[Date "2022.12.17"]
[Round "1.93"]
[White "Maton, Emily"]
[Black "Kjartansson, Gudmundur"]
[Result "0-1"]
[BlackTitle "GM"]
[WhiteElo "1695"]
[BlackElo "2453"]
[WhiteFideId "343120293"]
[BlackFideId "2301318"]
[EventDate "2022.12.17"]

1. c4 e5 2. Nc3 Nc6 3. g3 Bc5 4. e3 a6 5. Bg2 d6 6. Nge2 Ba7 7. a3 Be6 8. b3 Qd7
9. O-O h5 10. d4 Bh3 11. dxe5 Bxg2 12. Kxg2 h4 13. Rh1 h3+ 14. Kf1 Nxe5 15. Nd4
Nf6 16. Nd5 Nxd5 17. cxd5 Bxd4 18. exd4 Qb5+ 19. Qe2 Qxd5 20. Rg1 Qxd4 21. Bb2
Qg4 22. Bxe5 Qxe2+ 23. Kxe2 dxe5 24. Rac1 O-O-O 25. Rgd1 Rxd1 26. Rxd1 Rd8 27.
Rc1 Rd4 28. Ke3 g5 29. f3 Kd7 30. g4 Kd6 31. Rg1 c5 32. Rc1 b5 33. Rc3 f6 34.
Kf2 c4 35. bxc4 bxc4 36. Ke3 Kd5 37. Ke2 e4 38. fxe4+ Rxe4+ 39. Kf3 Rf4+ 40. Kg3
Kd4 41. Rc1 c3 42. Rd1+ Ke3 43. Rd8 c2 44. Rc8 Kd3 0-1

[Event "European Rapid 2022"]
[Site "Katowice POL"]
[Date "2022.12.17"]
[Round "1.94"]
[White "Charkhalashvili, Inga"]
[Black "Lapa, Aleksandra"]
[Result "1-0"]
[WhiteTitle "WGM"]
[WhiteElo "2273"]
[BlackElo "1681"]
[WhiteFideId "13601431"]
[BlackFideId "1149326"]
[EventDate "2022.12.17"]

1. d4 Nf6 2. c4 e6 3. g3 Bb4+ 4. Bd2 Be7 5. Bg2 O-O 6. Nf3 d5 7. O-O c5 8. dxc5
Bxc5 9. cxd5 exd5 10. Bg5 d4 11. Nbd2 Nc6 12. Rc1 Be7 13. Nb3 Qb6 14. Nfxd4 Rd8
15. Bxc6 bxc6 16. Rxc6 Qb7 17. Qc2 Bh3 18. Rc1 a5 19. Nf3 h6 20. Bd2 a4 21. Nbd4
Bd6 22. e4 Ng4 23. Rc4 f5 24. Nxf5 Bb8 25. Qc3 Ba7 26. Be1 Re8 27. Rc7 1-0

[Event "European Rapid 2022"]
[Site "Katowice POL"]
[Date "2022.12.17"]
[Round "1.96"]
[White "Maltsevskaya, Aleksandra"]
[Black "Wojtacha, Krzysztof"]
[Result "1-0"]
[WhiteTitle "IM"]
[WhiteElo "2400"]
[BlackElo "1551"]
[WhiteFideId "24174041"]
[BlackFideId "21881529"]
[EventDate "2022.12.17"]

1. e4 c5 2. Nf3 Nc6 3. d4 cxd4 4. Nxd4 Nf6 5. Nc3 e5 6. Ndb5 d6 7. Nd5 Nxd5 8.
exd5 Nb8 9. a4 Be7 10. Be2 O-O 11. O-O a6 12. Na3 Bf5 13. Nc4 Nd7 14. f4 Be4 15.
f5 Nf6 16. Ne3 Rc8 17. a5 Qc7 18. c4 Bd8 19. b4 Nd7 20. Qe1 Bg5 21. Ng4 Bxc1 22.
Rxc1 Qd8 23. Rc3 Qg5 24. h4 Qd8 25. Bd1 Bb1 26. Bb3 h5 27. Nh2 e4 28. Qxb1 Qxh4
29. Rh3 Qf6 30. Qxe4 Rce8 31. Qf3 Qd4+ 32. Kh1 g6 33. Ba4 Ne5 34. Qg3 Rc8 35.
Rh4 Qb2 36. Nf3 Ng4 37. fxg6 fxg6 38. Bd7 Rxc4 39. Bxg4 hxg4 40. Rxg4 Rc1 41.
Rxg6+ Kh7 42. Rxc1 Qxc1+ 43. Kh2 Qb2 44. Rg4 Rf6 45. Rg7+ Kh6 46. Qg5# 1-0

[Event "European Rapid 2022"]
[Site "Katowice POL"]
[Date "2022.12.17"]
[Round "1.97"]
[White "Duda, Szymon"]
[Black "Petrovskyi, Vadym"]
[Result "0-1"]
[BlackTitle "FM"]
[WhiteElo "1768"]
[BlackElo "2402"]
[WhiteFideId "21002886"]
[BlackFideId "14165210"]
[EventDate "2022.12.17"]

1. d4 Nf6 2. Nf3 e6 3. c4 d5 4. g3 Be7 5. Bg2 O-O 6. O-O b6 7. Qc2 Bb7 8. b3 c5
9. Bb2 dxc4 10. Qxc4 Nbd7 11. Rd1 Qc8 12. dxc5 Nxc5 13. Nc3 Rd8 14. Rxd8+ Qxd8
15. Rd1 Qe8 16. b4 Na4 17. Nxa4 Qxa4 18. Rd4 Rc8 19. Qb3 Qxb3 20. axb3 Bd5 21.
Rd1 Bxb4 22. Nd4 Ne4 23. Ra1 a5 24. f3 Nc3 25. Rc1 e5 26. e4 exd4 27. exd5 Ne2+ 0-1

[Event "European Rapid 2022"]
[Site "Katowice POL"]
[Date "2022.12.17"]
[Round "1.98"]
[White "Zimina, Olga"]
[Black "Wieczorek, Marek"]
[Result "1-0"]
[WhiteTitle "IM"]
[WhiteElo "2295"]
[BlackElo "1469"]
[WhiteFideId "4132190"]
[BlackFideId "21000816"]
[EventDate "2022.12.17"]

1. d4 f5 2. Bg5 h6 3. Bh4 g5 4. Bg3 Nf6 5. e3 Bg7 6. c4 O-O 7. Nc3 d6 8. h4 g4
9. h5 c6 10. f3 Qe8 11. fxg4 Nxg4 12. Qd2 e5 13. dxe5 dxe5 14. O-O-O Bf6 15. Nh3
Qxh5 16. Nf2 Qg6 17. Nxg4 Qxg4 18. Bf2 Qg7 19. e4 Bg5 20. Be3 f4 21. Bf2 Bg4 22.
Re1 Rd8 23. Bd3 Nd7 24. Kb1 b6 25. Qc2 a5 26. Be2 Be6 27. Rd1 Be7 28. g3 f3 29.
Bxf3 Bxc4 30. Be3 Bg5 31. Bxg5 Qxg5 32. Rh5 Qxg3 33. Ne2 Bxe2 34. Bxe2 Nc5 35.
Rdh1 Rd6 36. Qc1 Qf4 37. Qc4+ Kh7 38. R5h4 Qf8 39. Bg4 Rad8 40. Bf5+ Kh8 41. Qc1
Nd3 42. Rxh6+ Kg8 1-0

[Event "European Rapid 2022"]
[Site "Katowice POL"]
[Date "2022.12.17"]
[Round "1.99"]
[White "Zurawicki, Jakub"]
[Black "Baum, Jonasz"]
[Result "0-1"]
[BlackTitle "IM"]
[WhiteElo "1655"]
[BlackElo "2420"]
[WhiteFideId "21817430"]
[BlackFideId "1195360"]
[EventDate "2022.12.17"]

1. d4 e6 2. c4 Nf6 3. Nc3 Bb4 4. Bd2 O-O 5. Nf3 d5 6. e3 b6 7. cxd5 exd5 8. Be2
Re8 9. O-O Bb7 10. a3 Bd6 11. h3 a6 12. Rc1 Nbd7 13. Re1 Ne4 14. Nxe4 dxe4 15.
Nh2 Nf6 16. Qb3 Nd5 17. Bc4 b5 18. Bxd5 Bxd5 19. Qd1 a5 20. b4 c6 21. Ra1 Qe7
22. Qb1 f5 23. Qb2 a4 24. Nf1 Qh4 25. Rec1 Re6 26. Be1 Rg6 27. Kh1 Qg5 28. g3
Qh5 29. h4 Rf8 30. Nh2 f4 31. exf4 e3+ 32. f3 Bxf4 33. gxf4 Bxf3+ 34. Nxf3 Qxf3+
35. Kh2 Qxf4+ 36. Kh3 Qg4+ 0-1

[Event "European Rapid 2022"]
[Site "Katowice POL"]
[Date "2022.12.17"]
[Round "1.100"]
[White "Seemann, Jakub"]
[Black "Natoli, Alessia"]
[Result "1-0"]
[WhiteTitle "FM"]
[WhiteElo "2365"]
[BlackElo "1813"]
[WhiteFideId "21874697"]
[BlackFideId "21892024"]
[EventDate "2022.12.17"]

1. d4 Nf6 2. c4 e6 3. Nf3 Bb4+ 4. Bd2 Qe7 5. g3 O-O 6. Bg2 d5 7. O-O c5 8. Bxb4
cxb4 9. Nbd2 Nc6 10. Qc2 Rd8 11. Rfd1 Bd7 12. e4 Rac8 13. e5 Ne8 14. b3 b5 15.
c5 f6 16. exf6 gxf6 17. Re1 Ng7 18. Nf1 Be8 19. Qb2 Bf7 20. Rad1 Re8 21. Nh4 Qc7
22. Ne3 Bg6 23. f4 Ne7 24. Qd2 a5 25. Bf1 Rcd8 26. Bxb5 Rf8 27. Bd3 e5 28. Bxg6
hxg6 29. fxe5 fxe5 30. Ng4 e4 31. Ne5 Rf6 32. Rf1 Rdf8 33. Rxf6 Rxf6 34. Qg5 Re6
35. Rf1 Nef5 36. Nhxg6 e3 37. Rxf5 Nxf5 38. Qxf5 Re8 39. Nd7 Qc6 40. Nf6+ Qxf6
41. Qxf6 e2 42. Ne7+ 1-0

[Event "European Rapid 2022"]
[Site "Katowice POL"]
[Date "2022.12.17"]
[Round "2.1"]
[White "Navara, David"]
[Black "Sidletskyi, Ivan"]
[Result "1-0"]
[WhiteTitle "GM"]
[WhiteElo "2684"]
[BlackElo "2152"]
[WhiteFideId "309095"]
[BlackFideId "14156024"]
[EventDate "2022.12.17"]

1. d4 Nf6 2. c4 e6 3. Nf3 d5 4. Nc3 c5 5. e3 Nc6 6. a3 cxd4 7. exd4 dxc4 8. Bxc4
Be7 9. O-O O-O 10. Re1 b6 11. d5 exd5 12. Nxd5 Nxd5 13. Bxd5 Bb7 14. Bf4 Bf6 15.
Rc1 Na5 16. Bxb7 Qxd1 17. Rexd1 Nxb7 18. b4 Rac8 19. g4 Rxc1 20. Rxc1 Nd8 21.
Bd6 Re8 22. g5 Be7 23. Bxe7 Rxe7 24. Rc8 Rd7 25. Ne5 Rd1+ 26. Kg2 Kf8 27. Nc6
Ke8 28. b5 Rd5 29. Kf3 Rd7 30. Ke4 Rd1 31. a4 Rd2 32. Ra8 Rd6 33. Ke5 Rd7 34.
Nxa7 f6+ 35. gxf6 gxf6+ 36. Ke4 Kf7 37. Nc8 Nb7 38. Nxb6 Nc5+ 39. Ke3 Rd3+ 40.
Ke2 Ra3 41. a5 Nb3 42. Nc4 Nd4+ 43. Kd2 Ra2+ 44. Kc3 Nxb5+ 45. Kb4 Nd4 46. a6
Rxf2 47. Rc8 Ra2 48. Na3 Rb2+ 49. Kc4 Ra2 50. Kb4 Rb2+ 51. Ka4 Rb6 52. Ka5 Rb3
53. Nc4 Rb5+ 54. Ka4 Rb1 55. a7 Ra1+ 56. Na3 Nb5 57. Kxb5 1-0

[Event "European Rapid 2022"]
[Site "Katowice POL"]
[Date "2022.12.17"]
[Round "2.2"]
[White "Galuszka, Tomasz"]
[Black "Grandelius, Nils"]
[Result "0-1"]
[BlackTitle "GM"]
[WhiteElo "2184"]
[BlackElo "2660"]
[WhiteFideId "21816409"]
[BlackFideId "1710400"]
[EventDate "2022.12.17"]

1. e4 c5 2. Nf3 d6 3. d4 cxd4 4. Nxd4 Nf6 5. Nc3 a6 6. h3 e6 7. g4 Be7 8. Bg2
Nfd7 9. O-O O-O 10. a4 Nc6 11. Nb3 Rb8 12. Qe2 b6 13. Be3 Qc7 14. f4 Na5 15.
Nxa5 bxa5 16. Nd1 Bf6 17. g5 Bxb2 18. Ra2 Bc3 19. Nxc3 Qxc3 20. Qd3 Qc7 21. Rd1
d5 22. exd5 exd5 23. Qxd5 Re8 24. Qd2 Nb6 25. Bxb6 Qxb6+ 26. Qf2 Qc7 27. Ra3 Bf5
28. Re3 g6 29. Rxe8+ Rxe8 30. Rd2 Qc3 31. Qd4 Qg3 32. Rd1 Bxc2 33. Rc1 Bf5 34.
Qf2 Qa3 35. Rc7 Qxa4 36. Bd5 Qd1+ 0-1

[Event "European Rapid 2022"]
[Site "Katowice POL"]
[Date "2022.12.17"]
[Round "2.4"]
[White "Szewczyk, Mariusz2"]
[Black "Svane, Rasmus"]
[Result "0-1"]
[BlackTitle "GM"]
[WhiteElo "2094"]
[BlackElo "2622"]
[WhiteFideId "1147579"]
[BlackFideId "4657101"]
[EventDate "2022.12.17"]

1. e4 c6 2. d4 d5 3. e5 Bf5 4. Nf3 e6 5. Be2 Ne7 6. O-O Ng6 7. b3 Nd7 8. Ba3
Bxa3 9. Nxa3 f6 10. exf6 Qxf6 11. c3 Nf4 12. Nb1 O-O 13. Nbd2 Rae8 14. Re1 Qg6
15. Nh4 Nh3+ 16. Kf1 Qf6 17. Nxf5 Qxf5 18. Nf3 Nf4 19. Nh4 Qf6 20. Nf3 e5 21.
dxe5 Nxe5 22. Nxe5 Rxe5 23. Bf3 Rf5 24. Qd4 Qh6 25. Kg1 Nh3+ 26. Kh1 Ng5 27. Rg1
Rf4 28. Qe5 R4f5 29. Qd4 Rxf3 30. gxf3 Nxf3 0-1

[Event "European Rapid 2022"]
[Site "Katowice POL"]
[Date "2022.12.17"]
[Round "2.5"]
[White "Lagarde, Maxime"]
[Black "Quilter, Thomas A"]
[Result "1-0"]
[WhiteTitle "GM"]
[BlackTitle "CM"]
[WhiteElo "2584"]
[BlackElo "2162"]
[WhiteFideId "662399"]
[BlackFideId "408530"]
[EventDate "2022.12.17"]

1. e4 e5 2. Nf3 Nc6 3. Bc4 Bc5 4. d3 Nf6 5. Nc3 h6 6. h3 a6 7. a4 d6 8. Be3 Nd4
9. O-O Be6 10. Bxe6 fxe6 11. Bxd4 Bxd4 12. Nxd4 exd4 13. Ne2 e5 14. c3 dxc3 15.
bxc3 c6 16. Qb3 Qe7 17. Rab1 O-O-O 18. Qc4 d5 19. exd5 Rxd5 20. Rb6 Rc5 21. Qb4
Nd5 22. Rxb7 Nxb4 23. Rxe7 Nxd3 24. Rb1 Ra5 25. Rbb7 Rxa4 26. Rec7+ Kd8 27. Rxg7
Kc8 28. Rgc7+ Kd8 29. Rxc6 Rg8 30. Rxh6 Kc8 31. Ra7 Ra1+ 32. Kh2 Kb8 33. Rhxa6
Rxa6 34. Rxa6 Nxf2 35. Re6 Rh8 36. Re7 e4 37. Kg1 Rf8 38. Ng3 Rf4 39. h4 Kc8 40.
h5 Kd8 41. Re5 Nd1 42. Rd5+ Ke7 43. Rxd1 Kf6 44. Rf1 1-0

[Event "European Rapid 2022"]
[Site "Katowice POL"]
[Date "2022.12.17"]
[Round "2.7"]
[White "Bouska, Jiri"]
[Black "Hovhannisyan, Robert"]
[Result "0-1"]
[BlackTitle "GM"]
[WhiteElo "2238"]
[BlackElo "2597"]
[WhiteFideId "23722223"]
[BlackFideId "13302507"]
[EventDate "2022.12.17"]

1. e4 c6 2. Nf3 d5 3. Nc3 Bg4 4. h3 Bxf3 5. Qxf3 e6 6. Be2 Bc5 7. O-O Ne7 8. Rd1
Bd4 9. Bf1 g6 10. Ne2 Bg7 11. d4 O-O 12. c3 Nd7 13. Bf4 Rc8 14. Ng3 a6 15. Rac1
Qb6 16. Bd6 Rfe8 17. b4 a5 18. a3 Ra8 19. Rb1 axb4 20. axb4 Nc8 21. Bf4 Ne7 22.
Bd6 Nc8 23. Bf4 Na7 24. c4 dxc4 25. Bxc4 Nb5 26. e5 Na3 27. Rbc1 Nxc4 28. Rxc4
Qb5 29. Qb3 Nb6 30. Rc5 Qa4 31. Rb1 Nd5 32. Bd2 f5 33. Ne2 Qxb3 34. Rxb3 Ra2 35.
Rd3 Bf8 36. Rc4 Bxb4 37. Bxb4 Rxe2 38. Bd2 Ra8 39. Kf1 Re4 40. f3 Rh4 41. Bg5
Rh5 42. h4 f4 43. Rc1 h6 44. Bf6 Nxf6 45. exf6 Rxh4 46. Kg1 Rh5 47. Rb3 Ra7 48.
Rcb1 b5 49. Rc1 Ra6 50. Rbc3 b4 51. Rxc6 Rxc6 52. Rxc6 Rb5 53. Rxe6 b3 54. Re1
Kf7 55. Kf2 b2 56. Rb1 Kxf6 57. Ke2 Ke6 58. Kd3 Kd5 59. Kc3 h5 60. Kd3 g5 61.
Kc3 g4 62. fxg4 hxg4 63. Kd3 Rb8 64. Kc3 f3 65. gxf3 gxf3 66. Kd3 f2 67. Ke2
Kxd4 68. Kxf2 Kc3 0-1

[Event "European Rapid 2022"]
[Site "Katowice POL"]
[Date "2022.12.17"]
[Round "2.8"]
[White "Fridman, Daniel"]
[Black "Dwilewicz, Katarzyna"]
[Result "1-0"]
[WhiteTitle "GM"]
[BlackTitle "WFM"]
[WhiteElo "2602"]
[BlackElo "2123"]
[WhiteFideId "11600454"]
[BlackFideId "1148486"]
[EventDate "2022.12.17"]

1. d4 Nf6 2. Nf3 e6 3. g3 d5 4. Bg2 b5 5. O-O Nbd7 6. a4 b4 7. c4 bxc3 8. Nxc3
Be7 9. Bf4 a6 10. a5 O-O 11. Qa4 c5 12. Rfc1 Bb7 13. e3 Rc8 14. Bf1 Bc6 15. Qd1
c4 16. b3 Ba8 17. Nd2 Bb4 18. bxc4 Bxa5 19. c5 Nb8 20. Bxb8 Rxb8 21. Bxa6 Bc6
22. Qc2 Bc7 23. Rcb1 e5 24. Rxb8 Bxb8 25. Bb5 Bb7 26. Qa4 h5 27. Bc6 Bc8 28. Qa8
Be6 29. Rb1 exd4 30. exd4 h4 31. Nf3 hxg3 32. hxg3 Bf5 33. Re1 Be6 34. Qb7 Bc7
35. Ra1 Qb8 36. Kg2 Qxb7 37. Bxb7 Rb8 38. Ra7 Kf8 39. Nb5 Ne8 40. Bc6 Bd8 41.
Bxe8 Kxe8 42. Nd6+ Kf8 43. Ne5 Bf6 44. Nc6 1-0